| 000 | 01076nam a2200349 a 4500 | ||
|---|---|---|---|
| 001 | 000114406 | ||
| 003 | CHAP | ||
| 005 | 20220329144440.0 | ||
| 008 | 180119s1985 mx |r| |||0|||spa d | ||
| 010 | _a110867 | ||
| 011 | _a111839 | ||
| 020 | _a968-22-0011-3 (Obra completa) | ||
| 020 | _a9682201330 | ||
| 040 | _cCHAP | ||
| 082 | 0 | 4 |
_a810 _bS61 |
| 100 | 1 |
_aSinger, Isaac B. _9134435 |
|
| 245 | 1 | 0 |
_aUn amigo de Kafka / _cpor Isaac B. Singer; traducción de A. Bosch. |
| 260 |
_aMéxico : _bSeix Barral _bArtemisa, _cc1985. |
||
| 300 | _a269 p. | ||
| 490 | 1 |
_aObras maestras del siglo XX _v85 |
|
| 534 |
_pTít. original : _tA friend of Kafka and other stories |
||
| 590 |
_aBATCH-UPD _b05 _c20180119 _lUCH01 _h1500 |
||
| 590 |
_aE11695DGD _b10 _c20180130 _lUCH01 _h0942 |
||
| 590 |
_aE6096MTM _b05 _c20180119 _lUCH01 _h1459 |
||
| 590 |
_aE6096MTM _b05 _c20180123 _lUCH01 _h1253 |
||
| 650 | 1 | 4 |
_aInmigrantes. _958813 |
| 650 | 1 | 4 |
_aLiteratura estadounidense. _967126 |
| 830 | 0 |
_aObras maestras del siglo XX _v85 _982558 |
|
| 901 | _aBK | ||
| 942 | _cLIBRO | ||
| 942 | _n0 | ||
| 999 |
_c110867 _d110867 |
||